• 首页
  • 本馆介绍
  • 公告通知
  • 最新文献
  • 馆藏检索
  • 电子资源
  • 读者导购
  • 参考咨询
  • 我的图书馆
  • 登录
  • 详细信息显示
  • 放入我的书架
  • 预约/预借图书
  • 作者相关作品
  • 分类相关作品
  • 丛书相关作品
  • 出版社相关作品

书目信息

  • 表格格式
  • 工作单格式
  • 卡片格式
题名:
调查研究与信息工作基础
    
 
作者: 杜军 , 李葆华 , 李玉福 编著
分册:  
出版信息: 北京   中国人民大学出版社  2005
页数: 250页
开本: 23cm
丛书名:
单 册:
中图分类: G203 , C31
科图分类:
主题词: 调查研究--教材 , 调查研究 , 信息工作 , 信息工作--教材
电子资源:
ISBN: 7-300-06293-8
000 01217nam0 2200325 450
000 01228nam0 2200325 450
000 01162nam0 2200301 450
000 01126nam0 2200289 45
005 20070723170519.25
010    @a7-300-06293-8@dCNY20.00
100    @a20070626d2005 em y0chiy0120 ea
101 0  @achi
102    @aCN@b110000
105    @ay z 000yy
200 1  @a调查研究与信息工作基础@ADiao Cha Yan Jiu Yu Xin Xi Gong Zuo Ji Chu@f杜军,李葆华,李玉福编著@FDu Jun, Li Bao Hua, Li Yu Fu Bian Zhu
210    @a北京@c中国人民大学出版社@d2005
215    @a250页@c图@d23cm
300    @a现代秘书系列教材/范立荣总主编
330    @a本书系统阐述了调查研究工作和信息工作的意义、特点、作用及两者之间的关系;信息的特征、功能和种类;调查的程序以及方式、方法;信息的获取、整理与贮存、传递与反馈、成果的编写;调查研究与信息工作管理等方面的基础理论和知识。
606 0  @a调查研究@j教材
606 0  @a调查研究
606 0  @a信息工作
606 0  @a信息工作@j教材
690    @aG203@v4
690    @aC31@v4
701  0 @a杜军@ADu Jun@c(秘书学)@4编著
701  0 @a李葆华@ALi Bao Hua@c(秘书学)@4编著
701  0 @a李玉福@ALi Yu Fu@c(秘书学)@4编著
801  0 @aCN@bTAOJIN@c20070723
905    @a10447@dC31@e226
    
    调查研究与信息工作基础/杜军,李葆华,李玉福编著.-北京:中国人民大学出版社,2005
    250页:图;23cm
    现代秘书系列教材/范立荣总主编
    
    ISBN 7-300-06293-8:CNY20.00
    本书系统阐述了调查研究工作和信息工作的意义、特点、作用及两者之间的关系;信息的特征、功能和种类;调查的程序以及方式、方法;信息的获取、整理与贮存、传递与反馈、成果的编写;调查研究与信息工作管理等方面的基础理论和知识。
●
相关链接 在E读中查询图书 在五车中查询图书 在当当中查询图书 在豆瓣中查询图书


正题名:调查研究与信息工作基础     索取号:C31/226         预约/预借

序号 登录号 条形码 馆藏地/架位号 状态 备注
1 0823677   208236773   第一样本阅览室/ [索取号:C31/226] 在馆    
2 0823678   208236782   第一借阅区/ [索取号:C31/226] 在馆    
3 0823679   208236791   第一借阅区/ [索取号:C31/226] 在馆    
4 0823680   208236808   第一借阅区/ [索取号:C31/226] 在馆    
5 0823681   208236817   第一借阅区/ [索取号:C31/226] 在馆    
6 0823682   208236826   第一借阅区/ [索取号:C31/226] 在馆    
7 0823683   208236835   第一借阅区/ [索取号:C31/226] 在馆    
8 0823684   208236844   第一借阅区/ [索取号:C31/226] 在馆    
唐山师范学院图书馆 欢迎您!
大连网信软件有限公司© 版权所有